00523cam a22002171 4500001001300000003000400013005001700017008004100034010001700075025001600092035002000108040002100128042001200149050002400161100003900185245001200224260001600236300002100252500001500273999001700288sa 68009573 DLC20260227112544.0940803q19671968np 000 1 nepo  asa 68009573  aPL480:N-571 a(OCoLC)30877944 aDLCcCUdCUdDLC apremarc00aPK2598.D37bC3 19671 aDevkota, Laxmi Prasad,d1908-1959.10aCampā c[1967 or 8] a2, 78 p.c18 cm. aIn Nepali. c82997d82997